<?xml version="1.0" encoding="UTF-8"?>
<record
    xmlns:xsi="http://www.w3.org/2001/XMLSchema-instance"
    xsi:schemaLocation="http://www.loc.gov/MARC21/slim http://www.loc.gov/standards/marcxml/schema/MARC21slim.xsd"
    xmlns="http://www.loc.gov/MARC21/slim">

  <leader>02085nam a2200205 a 4500</leader>
  <controlfield tag="008">171103e2007    ag ||||g |||| 00| 0bspa d</controlfield>
  <datafield tag="020" ind1=" " ind2=" ">
    <subfield code="a">9788467451221</subfield>
  </datafield>
  <datafield tag="041" ind1=" " ind2=" ">
    <subfield code="a">spa</subfield>
  </datafield>
  <datafield tag="092" ind1=" " ind2=" ">
    <subfield code="c">920</subfield>
    <subfield code="l">11</subfield>
    <subfield code="s">CEN</subfield>
  </datafield>
  <datafield tag="100" ind1="1" ind2=" ">
    <subfield code="a">Centellas, Pau</subfield>
    <subfield code="9">2971</subfield>
  </datafield>
  <datafield tag="245" ind1=" " ind2=" ">
    <subfield code="a">Pascal. </subfield>
    <subfield code="b">Vida, pensamiento y obra /</subfield>
    <subfield code="c">Pau Centellas</subfield>
  </datafield>
  <datafield tag="250" ind1=" " ind2=" ">
    <subfield code="a">1a ed.</subfield>
  </datafield>
  <datafield tag="260" ind1=" " ind2=" ">
    <subfield code="a">Barcelona:</subfield>
    <subfield code="b">Planeta De Agostini;</subfield>
    <subfield code="c">2007.</subfield>
  </datafield>
  <datafield tag="300" ind1=" " ind2=" ">
    <subfield code="a">381 p.</subfield>
  </datafield>
  <datafield tag="500" ind1=" " ind2=" ">
    <subfield code="a">Centellas, P. (2007). Pascal. Vida, obra y pensamiento. (1a ed.). Espa&#xF1;a : Planeta De Agostini.</subfield>
  </datafield>
  <datafield tag="505" ind1=" " ind2=" ">
    <subfield code="a">Blaise Pascal naci&#xF3; el 19 de junio de 1623 en Clermont-Ferrand, en Francia, en plena guerra de las religiones que asol&#xF3; Europa durante 30 a&#xF1;os, y cuyo fin, concretado en la Paz de Westfalia de 1648, supuso el nacimiento de la Europa Moderna. En esta &#xE9;poca de grandes cambios, en la que la ciencia empez&#xF3; a mostrar su poder y atractivo intelectual, Pascal desarroll&#xF3; sus geniales aptitudes. Su pensamiento se detuvo, como matem&#xE1;tico y f&#xED;sico, en temas tan diversos como la hidrost&#xE1;tica, la geometr&#xED;a o los juegos de azar -quien no conoce, al menos de nombre, el principio hidrost&#xE1;tico de Pascal o el teorema de Pascal-, pero tambi&#xE9;n actu&#xF3;, como polemista, en los grandes conflictos entre los jansenistas, con lo que comparti&#xF3; muchos pensamientos, y los jesuitas y la jerarqu&#xED;a cat&#xF3;lica. Su acelerada pluma como polemista religioso, que puso en pr&#xE1;ctica en las Cartas provinciales, de las que se presentan la primera y la decimocuarta en la secci&#xF3;n Escritos de este volumen, y las l&#xFA;cidas reflexiones de su obra p&#xF3;stuma Pensamientos -de los que se incluyen el "Prefacio general" y las "Partes primera y segunda"- lo reivindican como un pensador de primer orden, que en su b&#xFA;squeda filos&#xF3;fica sit&#xFA;a al hombre como prisionero de su finitud. Pau Centellas Gav&#xED;n presenta, en las secciones Vida, obra y pensamiento, un cuidado ensayo que permitir&#xE1; al lector reflexionar, de la mano de Pascal, sobre cuestiones muy actuales.  </subfield>
  </datafield>
  <datafield tag="590" ind1=" " ind2=" ">
    <subfield code="a">Donacion Fondo Nacional de las Artes Oct2017</subfield>
  </datafield>
  <datafield tag="655" ind1=" " ind2=" ">
    <subfield code="a">Literatura</subfield>
    <subfield code="9">2917</subfield>
  </datafield>
  <datafield tag="942" ind1=" " ind2=" ">
    <subfield code="2">ddc</subfield>
    <subfield code="c">LIT</subfield>
  </datafield>
  <datafield tag="999" ind1=" " ind2=" ">
    <subfield code="c">2530</subfield>
    <subfield code="d">2530</subfield>
  </datafield>
  <datafield tag="952" ind1=" " ind2=" ">
    <subfield code="0">0</subfield>
    <subfield code="1">0</subfield>
    <subfield code="2">ddc</subfield>
    <subfield code="4">0</subfield>
    <subfield code="7">0</subfield>
    <subfield code="a">BFM</subfield>
    <subfield code="b">BFM</subfield>
    <subfield code="c">CR</subfield>
    <subfield code="d">2017-11-03</subfield>
    <subfield code="e">Donacion</subfield>
    <subfield code="l">0</subfield>
    <subfield code="o">920;11;CEN</subfield>
    <subfield code="p">3966</subfield>
    <subfield code="r">2017-11-03</subfield>
    <subfield code="t">Ej. 1</subfield>
    <subfield code="w">2017-11-03</subfield>
    <subfield code="y">LIT</subfield>
    <subfield code="z">Donacion Fondo Nacional de las Artes Oct2017</subfield>
  </datafield>
</record>
